|
|
|
|
| LEADER |
01954nam a22005295i 4500 |
| 001 |
978-3-540-71588-7 |
| 003 |
DE-He213 |
| 005 |
20151204144139.0 |
| 007 |
cr nn 008mamaa |
| 008 |
100301s2007 gw | s |||| 0|eng d |
| 020 |
|
|
|a 9783540715887
|9 978-3-540-71588-7
|
| 024 |
7 |
|
|a 10.1007/978-3-540-71588-7
|2 doi
|
| 040 |
|
|
|d GrThAP
|
| 050 |
|
4 |
|a K7000-7720.22
|
| 050 |
|
4 |
|a K7073-7078
|
| 072 |
|
7 |
|a LB
|2 bicssc
|
| 072 |
|
7 |
|a LAM
|2 bicssc
|
| 072 |
|
7 |
|a LAW051000
|2 bisacsh
|
| 072 |
|
7 |
|a LAW016000
|2 bisacsh
|
| 082 |
0 |
4 |
|a 340.9
|2 23
|
| 082 |
0 |
4 |
|a 340.2
|2 23
|
| 100 |
1 |
|
|a Colcera, Enrico.
|e author.
|
| 245 |
1 |
4 |
|a The Market for Corporate Control in Japan
|h [electronic resource] /
|c by Enrico Colcera.
|
| 264 |
|
1 |
|a Berlin, Heidelberg :
|b Springer Berlin Heidelberg,
|c 2007.
|
| 300 |
|
|
|a XIX, 387 p.
|b online resource.
|
| 336 |
|
|
|a text
|b txt
|2 rdacontent
|
| 337 |
|
|
|a computer
|b c
|2 rdamedia
|
| 338 |
|
|
|a online resource
|b cr
|2 rdacarrier
|
| 347 |
|
|
|a text file
|b PDF
|2 rda
|
| 505 |
0 |
|
|a Convergence in Corporate Governance and to the Model of the Market for Corporate Control -- Evolution of the M&A Environment -- Hostile Takeovers -- The Regulatory Framework -- The Hybrid Americanized Version of the Model of the Market for Corporate Control.
|
| 650 |
|
0 |
|a Law.
|
| 650 |
|
0 |
|a Management.
|
| 650 |
|
0 |
|a Private international law.
|
| 650 |
|
0 |
|a Conflict of laws.
|
| 650 |
|
0 |
|a International law.
|
| 650 |
|
0 |
|a Comparative law.
|
| 650 |
|
0 |
|a Trade.
|
| 650 |
1 |
4 |
|a Law.
|
| 650 |
2 |
4 |
|a Private International Law, International & Foreign Law, Comparative Law.
|
| 650 |
2 |
4 |
|a International Economic Law, Trade Law.
|
| 650 |
2 |
4 |
|a Management.
|
| 710 |
2 |
|
|a SpringerLink (Online service)
|
| 773 |
0 |
|
|t Springer eBooks
|
| 776 |
0 |
8 |
|i Printed edition:
|z 9783540715870
|
| 856 |
4 |
0 |
|u http://dx.doi.org/10.1007/978-3-540-71588-7
|z Full Text via HEAL-Link
|
| 912 |
|
|
|a ZDB-2-SHU
|
| 950 |
|
|
|a Humanities, Social Sciences and Law (Springer-11648)
|